Normal view
MARC view
- ISLAM-KHAWAS-ALLAH NAMES
Entry Topical Term
001 - CONTROL NUMBER
- control field: 77145
003 - CONTROL NUMBER IDENTIFIER
- control field: NUST
005 - DATE AND TIME OF LATEST TRANSACTION
- control field: 20210628205825.0
008 - FIXED-LENGTH DATA ELEMENTS
- fixed length control field: 210628|| aca||aabn | a|a d
040 ## - CATALOGING SOURCE
- Original cataloging agency: NUST
- Transcribing agency: NUST
150 ## - HEADING--TOPICAL TERM
- Topical term or geographic name entry element: ISLAM-KHAWAS-ALLAH NAMES
670 ## - SOURCE DATA FOUND
- Source citation: Work cat.: (NUST): Asghar Ali Rohi, Moulana Ashraf Ali Thanwi, Moulana 77144, Sharah ismaay allah-ul-husni, 1999
